Encyclopedia of business information sources.

Bibliographic Details
Format: Book
Published: Farmington Hills: Gale, 2007.
Edition:22nd ed.
Subjects:
LEADER 00437cam a2200145 7i4500
001 0000022309
005 20090205090000.0
020 0 0 |a 978-0-7876-8307-8  
090 0 0 |a I 338.7   |b ENC 
245 0 0 |a Encyclopedia of business information sources. 
250 0 0 |a 22nd ed. 
260 0 0 |a Farmington Hills:   |b Gale,   |c 2007. 
300 # # |a 1314p. 
650 0 0 |a Business infromation --   |x Encyclopedias  
999 |a B000023540  |b Book  |c International  |e Business Information Centre